[Event "Goch op 20th"]
[Site "Goch"]
[Date "2009.10.04"]
[Round "6"]
[White "Kraft, Natascha"]
[Black "Jakobsen, Oivind"]
[Result "0-1"]
[WhiteElo "1067"]
[BlackElo "1689"]
[PlyCount "60"]
[EventDate "2009.10.01"]
[EventType "swiss"]
[EventRounds "7"]
[EventCountry "GER"]
[SourceTitle "EXT 2011"]
[Source "ChessBase"]
[SourceDate "2010.11.26"]
[SourceVersion "1"]
[SourceVersionDate "2010.11.26"]
[SourceQuality "1"]

1. d4 Nf6 2. Nc3 e6 3. Nf3 d5 4. Bf4 Bb4 5. Qd3 Ne4 6. Bd2 Bxc3 7. Bxc3 0-0 8. e3 b6 9. Nd2 Ba6 10. Nc4 Bxc4 11. Qd1 Qf6 12. f3 Qh4+ 13. g3 Nxg3 14. hxg3 Qxh1 15. Kd2 Qh2+ 16. Be2 Bxe2 17. Qxe2 Qxe2+ 18. Kxe2 f5 19. f4 Nd7 20. Rf1 Rac8 21. Kd1 Rf6 22. Bd2 Rg6 23. Be1 c5 24. c3 Nf6 25. Rh1 Ne4 26. Rh3 Rf8 27. Kc1 Rff6 28. Kc2 Rh6 29. Rxh6 Rxh6 30. Kb3 Rh1 0-1

[Event "Goch op 20th"]
[Site "Goch"]
[Date "2009.10.04"]
[Round "7"]
[White "Thingstad, Tormod"]
[Black "Kraft, Natascha"]
[Result "1-0"]
[WhiteElo "962"]
[BlackElo "1067"]
[PlyCount "63"]
[EventDate "2009.10.01"]
[EventType "swiss"]
[EventRounds "7"]
[EventCountry "GER"]
[SourceTitle "EXT 2011"]
[Source "ChessBase"]
[SourceDate "2010.11.26"]
[SourceVersion "1"]
[SourceVersionDate "2010.11.26"]
[SourceQuality "1"]

1. c4 e5 2. Nc3 Nc6 3. g3 Bc5 4. Bg2 Nge7 5. Nf3 d6 6. 0-0 Bf5 7. a3 0-0 8. b4 Bd4 9. Bb2 a6 10. e3 Bxc3 11. Bxc3 Bd3 12. Re1 Bxc4 13. Rc1 f6 14. Bxe5 Nxe5 15. Nxe5 fxe5 16. Rxc4 c6 17. Rh4 h6 18. Qg4 Rf7 19. Rxh6 Nf5 20. Rh5 Qf6 21. Be4 Nh6 22. Qe2 Raf8 23. f4 Qe6 24. Qd3 Nf5 25. g4 Qg6 26. Rg5 Qh6 27. Bxf5 Rxf5 28. Rxf5 Qg6 29. Rxf8+ Kh7 30. Qxg6+ Kxg6 31. f5+ Kg5 32. h3 1-0

[Event "Goch op 20th"]
[Site "Goch"]
[Date "2009.10.03"]
[Round "4"]
[White "Eike, Mathias Brennhaugen"]
[Black "Kraft, Natascha"]
[Result "1-0"]
[WhiteElo "1327"]
[BlackElo "1067"]
[PlyCount "101"]
[EventDate "2009.10.01"]
[EventType "swiss"]
[EventRounds "7"]
[EventCountry "GER"]
[SourceTitle "EXT 2011"]
[Source "ChessBase"]
[SourceDate "2010.11.26"]
[SourceVersion "1"]
[SourceVersionDate "2010.11.26"]
[SourceQuality "1"]

1. e4 e5 2. Nf3 Nc6 3. Nc3 Nf6 4. Bc4 Bc5 5. 0-0 0-0 6. d3 Na5 7. Nxe5 Nxc4 8. Nxc4 d6 9. Bg5 Bg4 10. Qd2 Bb4 11. a3 Bxc3 12. Qxc3 h6 13. Bxf6 Qxf6 14. Qxf6 gxf6 15. h3 Be6 16. Ne3 Kh7 17. g4 Rg8 18. f4 h5 19. f5 Bd7 20. Kf2 h4 21. Nd5 Kg7 22. Nf4 Kh6 23. Kf3 Kg5 24. Rf2 c6 25. d4 Rae8 26. Re2 Re7 27. b4 b5 28. a4 Ra8 29. axb5 cxb5 30. c3 a6 31. Nd5 Rc8 32. Nxe7 Rxc3+ 33. Re3 Rc4 34. Rxa6 Rxd4 35. Nd5 Bc8 36. Rxd6 Bb7 37. Rd7 Bxd5 38. Rxd5 Rxb4 39. Rd2 Kh6 40. Kf4 Kg7 41. Rdd3 Rc4 42. Rc3 Rxc3 43. Rxc3 b4 44. Rb3 Kh6 45. Rxb4 Kg7 46. Rb6 Kh6 47. Rxf6+ Kg7 48. Kg5 Kf8 49. Kxh4 Kg7 50. Kg5 Kf8 51. h4 1-0

[Event "Goch op 20th"]
[Site "Goch"]
[Date "2009.10.01"]
[Round "1"]
[White "Kraft, Natascha"]
[Black "Herms, Stefan"]
[Result "0-1"]
[WhiteElo "1067"]
[BlackElo "1968"]
[PlyCount "66"]
[EventDate "2009.10.01"]
[EventType "swiss"]
[EventRounds "7"]
[EventCountry "GER"]
[SourceTitle "EXT 2011"]
[Source "ChessBase"]
[SourceDate "2010.11.26"]
[SourceVersion "1"]
[SourceVersionDate "2010.11.26"]
[SourceQuality "1"]

1. d4 e6 2. Nf3 b6 3. Bf4 Bb7 4. Nbd2 f5 5. e3 Nf6 6. Bg5 Be7 7. Bd3 0-0 8. Qe2 Nc6 9. c3 Qe8 10. e4 fxe4 11. Bxe4 Nxe4 12. Nxe4 a5 13. 0-0 h6 14. Bxe7 Nxe7 15. Nfd2 Qg6 16. f3 Nd5 17. Qf2 Nf4 18. Kh1 d5 19. Ng3 Nd3 20. Qe2 Ba6 21. Qe3 Nxb2 22. Rfe1 Rae8 23. Rab1 Nd3 24. Rf1 e5 25. a4 exd4 26. Qxd4 Qe6 27. Kg1 Rf4 28. Nge4 dxe4 29. Qe3 exf3 30. Qxe6+ Rxe6 31. Nxf3 Rxa4 32. Nd4 Re5 33. Nf3 Rc5 0-1